Admiralty manual of hydrographic surveying
-д хадгалсан:
| Формат: | Ном |
|---|---|
| Хэл сонгох: | англи |
| Хэвлэсэн: |
Londres
Hydrographer of the Navy
1965
|
| Нөхцлүүд: | |
| Шошгууд: |
Шошго нэмэх
Шошго байхгүй, Энэхүү баримтыг шошголох эхний хүн болох!
|
MARC
| LEADER | 00000nam a2200000 a 4500 | ||
|---|---|---|---|
| 001 | UCV5394 | ||
| 003 | CL-VaPUC | ||
| 008 | 930602e19650000UK |||||||||||||||||eng|d | ||
| 082 | 0 | 4 | |a 526.99 |b ADM |2 21 |
| 245 | 1 | 0 | |a Admiralty manual of hydrographic surveying |
| 300 | |a v | ||
| 942 | |c BK | ||
| 945 | |d 19930602 00:00:00 | ||
| 260 | |a Londres |b Hydrographer of the Navy |c 1965 | ||
| 650 | 7 | |a LEVANTAMIENTO HIDROGRAFICO |2 CL-VaPUC |9 262183 | |
| 583 | |a last modification |c 19930602 00:00:00 |k Rodrigo Vera | ||
| 999 | |c 211939 |d 211937 | ||